| 000 | 00669nam a2200205 4500 | ||
|---|---|---|---|
| 001 | 121297 | ||
| 003 | ES-MaACL | ||
| 005 | 20250811063143.0 | ||
| 007 | t| | ||
| 008 | 070214s1972 sp r ||||1| spa d | ||
| 100 | 1 |
_aPonz, Antonio, _d1725-1792 _993069 |
|
| 245 | 1 | 0 |
_aViage de España / _cAntonio Ponz. |
| 260 |
_aMadrid : _bAtlas, _c1972. |
||
| 300 |
_a18 v. ; _c17 cm. |
||
| 500 | _aReproducción facsímil de la edición de ; Madrid, Viuda de Ibarra, 1787-1794. | ||
| 651 | 4 |
_aEspaña- _xDescripción- _vObras anteriores a 1800. _9147509 |
|
| 651 | 4 |
_aEspaña- _xViajes. _9149123 |
|
| 852 |
_aES-MaACL _jE-5491-508 _bR.89410 |
||
| 999 |
_c121297 _d121297 |
||